000 00792nam a22002177a 4500
003 OSt
005 20250901053020.0
008 250901b |||||||| |||| 00| 0 eng d
020 _a978-971-550-864-3
040 _aDWC-Main Lib
_cOC
082 _aFil. 327.599 F363d 2017
100 _aFernandez, Erwin S.
245 _aThe diplomat - scholar :
_ba biography of Leon Ma. Guerrero/
_cErwin S. Fernandez
260 _aQuezon City :
_bAteneo de Manila University Press,
_cc2017.
300 _axii, 360 pages :
_billustrations ;
_c23cm.
650 _a1. Guerrero, Leo Ma. - Biography -1915-1982
650 _a2. Diplomats ---Philippines ---Biography.
650 _a3. Ambassadors ---Philippines ---Biography.
650 _a4. Filipino author ---Biography.
942 _2ddc
_cBK - FIL
_kFil.
_n0
999 _c4425
_d4425